000
00291nam a2200133Ia 4500
100
_a
Gupta /P.K.
942
_c
BK
654
_a
Research 2Ed
245
_a
Operation Research 2/Ed
260
_b
S.Chand & Company Ltd.
_a
NewDelhi
_c
1983
300
_a
1055
546
_a
ENGLISH
999
_c
19768
_d
19768